[Event "Montenegrin Championship"]
[Site "Podgorica MNE"]
[Date "2025.02.01"]
[EventDate "2025.01.31"]
[Round "2.8"]
[Result "0-1"]
[White "Danilo Nenezic"]
[Black "N Vukcevic"]
[WhiteElo "2193"]
[BlackElo "2312"]
[PlyCount "58"]

1. e4 c5 2. Nf3 d6 3. d4 cxd4 4. Nxd4 Nf6 5. Nc3 a6 6. Be3 e5 7. Nb3 Be7 8. h3
Qc7 9. g4 h6 10. Qd2 b5 11. Nd5 Nxd5 12. exd5 Nd7 13. O-O-O Nb6 14. Na5 Bd7 15.
b3 Rc8 16. Bxb6 Qxb6 17. Kb1 Bg5 18. Qe1 Bh4 19. Rh2 O-O 20. Qd2 Rfe8 21. f3 e4
22. fxe4 Rxe4 23. Nc6 Rce8 24. Re2 Bg5 25. Qd3 Rxe2 26. Bxe2 Re3 27. Qd4 Qxd4
28. Nxd4 Bf6 29. Bf1 Bc8 0-1